MDQL
is popping MORE tags! Check the
thread
!
Quizzes
Events
Quiz Creation
Community
Videos
Private Events
Remove Ads
Sign In
Join for FREE
Feedback
Dark Mode
Quiz Categories
Sports
Geography
Music
Movies
Television
Just For Fun
Miscellaneous
History
Literature
Language
Science
Gaming
Entertainment
Religion
Holiday
For Kids
Quiz Lab
Recent
Popular Today
Quiz Kudos Today
Editor Picks
Curator Picks
Quizzes by...
Day
Popularity
Type
Ratings
Length
Year
Community
Subscriptions
Recent Discussions
Orange Saloon
Badges
Playlists
Quests
Create
Leaderboards
Showdown
Live 5
Trivia Bingo
Activity
Puzzle Library
Sporcle Events
Private Events
Virtual Trivia
Globe League
Become a Host
Pub Owners
SporcleCon
Opinionation
Our Games
Videos
Blog
Mobile Apps
Partnerships
Remove Ads and Go Orange
Feedback
Sports
Athletes
MLB
NBA
NHL
NFL
Soccer
Sports Teams
WWE
NCAA
Football
Premier League
Basketball
Baseball
Hockey
Golf
Tennis
Cricket
Rugby
Auto Racing
Olympics
World Cup
Sports
Athletes
MLB
NBA
NHL
NFL
Soccer
Sports Teams
WWE
NCAA
Football
Premier League
Basketball
Baseball
Hockey
Golf
Tennis
Cricket
Rugby
Auto Racing
Olympics
World Cup
Random Quiz
Search Sporcle
×
Quiz Lab
Quiz Lab
Sports
City
Type in answers that appear in a list
Type in answers that appear in a list
Classic
Best Score? Go Orange.
Most Appearances - Stoke City Stats
Can you name the players to gave appeared at least 300 times for Stoke?
By
Neilski
6m
28 Questions
68 Plays
68 Plays
68 Plays
Comments
Comments
Give Quiz Kudos
Give Quiz Kudos
-
- Ratings
hide this ad
Replay
Link that replays current quiz
Next Quiz
Link to next quiz in quiz playlist
You Got
0%
They Got
Avg Score
31%
Avg Friend Score
Upgrade to see
Score Distribution
Jump to the score distribution portion of the page
Score
0/28
Timer
06:00
0
Plays Today
Debut
Player
% Correct
1932
Stanley Matthews
86.8%
1968
Denis Smith
79.4%
1967
Terry Conroy
73.5%
1968
Mike Pejic
69.1%
1969
Jimmy Greenhoff
67.6%
1961
Alan Bloor
64.7%
1962
John Ritchie
64.7%
1959
Eric Skeels
60.3%
1967
John Marsh
54.4%
1963
Peter Dobing
50%
1967
John Mahoney
42.6%
1978
Peter Fox
39.7%
1972
Alan Dodd
38.2%
1957
Tony Allen
26.5%
Debut
Player
% Correct
1946
John McCue
13.2%
1921
Bob McGrory
11.8%
1954
Bill Asprey
10.3%
1937
Frank Bowyer
10.3%
1946
Frank Mountford
10.3%
1922
Harry Davies
5.9%
1930
Arthur Turner
4.4%
1953
Johnny King
1.5%
1928
Robert Liddle
1.5%
1950
Harry Oscroft
1.5%
1923
Harry Sellars
1.5%
1946
John Sellars
1.5%
1952
Ken Thomson
1.5%
1926
William Spencer
0%
Quiz Playlist
Details
Report
Send in Message
Add To Playlist
Classic:
Type in answers that appear in a list
Last Updated: Feb 16, 2017
Quiz Scoreboard
CHALLENGE
Sign Up to Join the Scoreboard
Show All
Scores
Hide
Comments
May contain spoilers
Recently Published
Two Season TV Shows II
by 123Four
Television
10m
Image Sorting: Flags VI
by Barbecue
Geography
2m
Find the 'City' Movie
by crazypaving
Movies
60s
More to Explore
Quiz From the Vault
Featured Blog Post
14 Easter Pick-up Lines to Find Eggs With
hide this ad
You Might Also Like...
Tags
City Quiz
300
app
appearance
debut
Gave
least
Player
stoke
Today's Top Quizzes in Sports
Browse Sports
hide this ad
Today's Top Quizzes in City
Browse City
Top Contributed Quizzes in Sports
1
Les meilleurs buteurs des matchs entre le PSG et l’OM
2
Les entraîneurs de l'OM et du PSG au 21e siècle
3
2022 World Cup Stars
4
Les joueurs passés par le PSG et l'OM
5
Players with Multiple 50 Home Run Seasons
6
FIFA Club World Cup Champions
7
Criteria MLB: Left Handed Sluggers
8
Les joueurs passés par le LOSC et le RC Lens
9
Top 10 NHL Goal Scorers of All Time
10
MLB Players with Two .350 Batting Average Seasons
Explore More
Trending Topics
Anime
Disney
Crossword
Harry Potter
Kpop
Marvel
NBA
Soccer
Country
Song
WWE
NFL
Puzzle
Pokémon
The Office
hide this ad
More By:
Neilski
Quiz
Plays
Rating
Category
Featured
Created
English Football Hall of Fame
474
4.43
Sports
Apr 19, 2011
Most Goals - West Bromwich Albion
400
4.50
Sports
Apr 4, 2011
Most Appearances - West Bromwich Albion
368
5.00
Sports
Apr 4, 2011
Chaucer's Canterbury Pilgrims
350
3.50
Literature
Nov 11, 2009
Most goals - Wolverhampton Wanderers
335
Sports
Apr 11, 2011
Go to Creator's Profile
Score Distribution
Quiz Creator Spotlight
Neilski
Follow
Send a Message
Quizzes Created
-
Created Quiz Play Count
-
More By This Creator
Popular Quizzes Today
1
Find the US States - No Outlines Minefield
2
Colored Red Africa Blitz
3
Find the 'City' Movie
4
5x2 Blitz: Bands
5
The Countries of the World
6
Find the Countries of Europe - No Outlines Minefield
7
Find the US States
8
US States
More Sports Quizzes
Anyone but Tadej Pogacar
Quiz Lab
Trending Quizzes
Colored Red Europe Blitz I
Colored Red Africa Blitz II
Colored Red Europe Blitz II
Colored Red Europe Blitz III
Colored Red Africa Blitz III
Recently Updated
How Do You Spell That?
pecheneg
Godzilla Movies
pecheneg
Grab Bag: 4-10 Letters
pecheneg
2024 March Madness Bracket
pecheneg
Famous TV Couples
Peacemaker
Champions League XIs: Real Madrid
pecheneg
Largest US Cities 1790-2010
pecheneg
Rides in Walt Disney World
pecheneg
Most Oscar Losses (Acting)
pecheneg
Beyoncé Albums
pecheneg
Trending Topics
Anime
Disney
Crossword
Harry Potter
NBA
Marvel
Kpop
WWE
Pokémon
Puzzle
Song
Country
The Office
Soccer
NFL
Your Account Isn't Verified!
In order to create a playlist on Sporcle, you need to verify the email address you used during registration. Go to your
Sporcle Settings
to finish the process.
Report this User
Report this user for behavior that violates our
Community Guidelines
.
Details:
Send Report
Go to the Sporcle.com Mobile Site →
Comments